Μια σκοτεινή υπόθεση
Αποθηκεύτηκε σε:
| Κύριος συγγραφέας: | |
|---|---|
| Μορφή: | Βιβλίο |
| Γλώσσα: | Greek |
| Δημοσίευση: |
Αθήνα :
Κριτική,
1988
|
| Σειρά: | Λογοτεχνική βιβλιοθήκη (Κριτική)
|
| Θέματα: | |
| Ετικέτες: |
Προσθήκη ετικέτας
Δεν υπάρχουν, Καταχωρήστε ετικέτα πρώτοι!
|
MARC
| LEADER | 00000cam a2200000 i 4500 | ||
|---|---|---|---|
| 001 | 1/54420 | ||
| 008 | 941103s1988 gr ||| | gre|| | ||
| 035 | |a 1994 |c ΒΙΒΛΙΟΘΗΚΗ |l 10044991 | ||
| 040 | |a GR-MY-UA |b gre |e aacr | ||
| 041 | 0 | |a gre | |
| 082 | 0 | |a 843 | |
| 100 | 1 | |a Balzac, Honore de, |d 1799-1850. | |
| 245 | 1 | 0 | |a Μια σκοτεινή υπόθεση / |c Ονόρε Ντε Μπαλζάκ ; μετάφραση Νάγια Παπασπύρου-Υφαντή. |
| 260 | |a Αθήνα : |b Κριτική, |c 1988 | ||
| 300 | |a 281 σ.; |c 21 εκ. | ||
| 490 | 1 | |a Λογοτεχνική βιβλιοθήκη | |
| 650 | 0 | 0 | |a French fiction. |
| 830 | 0 | |a Λογοτεχνική βιβλιοθήκη (Κριτική) | |
| 852 | |a INST |b SAMOS |e 19941103 |h 843 BAL |p 005300006656 |q 005300006656 |t BK |y 0 | ||
| 909 | |a Σ |b 034730 | ||